LEADER 01290nam a2200313 a 4500 001 000000124767 003 CaOOAMICUS 005 20110323093413.0 008 110323s2010 it u000 u ita r 040 $aPUL$bita 041 1 $aita$hfre 082 04$a103 100 1 $aHugo, Victor Marie,$cComte,$d1802-1885.$0(OLS)http://pul/name/12643 240 10$aDernier jour d'un condamné.$lItaliano.$0(OLS)http://pul/title/157292 245 10$aContro la pena di morte /$cVictor Hugo ; prefazione di Ranieri Polese. 260 $aMilano :$bR.C.S. Libri,$c©2010. 300 $a252 p. ;$c19 cm 490 1 $aClassici del pensiero libero ;$v27 500 $aEd. speciale per Corriere della Sera. 650 4$aPena di morte.$0(OLS)http://pul/subject/8067 700 1 $aPolese, Ranieri.$0(OLS)http://pul/name/78810 830 0$aClassici del pensiero libero ;$v27.$0(OLS)http://pul/title/155982 850 $aPUL 852 $aPUL$W1$xDP2 Filosofia 3$y112$m103 COLL 6.27$j143670$qDDC 21$B142681$CPULBib$Z2$F142681 $H116600 $82 941 1 $a9 996 $6082$a103$9(OLS)http://pul/classification/621 996 $6245$aContro la pena di morte$9(OLS)http://pul/title/157293 996 $6260$aMilano :$bR.C.S. Libri$9(OLS)http://pul/publisher/74600 LEADER 01691nam a2200373 a 4500 001 000000172588 003 CaOOAMICUS 005 20190828143159.0 008 190828s2018 it 000 u ita r 020 $z978-88-598-1856-4* 032 $aLibriCat 040 $aPUL$bita$dReb 082 04$a346.45 245 00$aDella famiglia : artt. 231-455 /$cTommaso Auletta [et al.]; a cura di Giovanni Di Rosa. 250 $aII edizione 260 $aTorino :$bUTET Giuridica,$c©2018. 300 $aXLII, 1871 ;$c25 cm 490 1 $aCommentario del codice civile / diretto da Enrico Gabrielli 500 $aLa numerazione del volume all'interno della collana č contrassegnato da 1 asterisco. 504 $aBibliografia in nota a pič pagina. 650 4$aFamiglia (diritto)$zItalia.$0(OLS)http://pul/subject/7144 650 4$aCodice civile$zItalia$xCommenti.$0(OLS)http://pul/subject/33992 700 1 $aGabrielli, Enrico$b1956-$0(OLS)http://pul/name/44662 700 1 $aAuletta, Tommaso.$0(OLS)http://pul/name/30081 700 1 $aDi Rosa, Giovanni,$d1967-$0(OLS)http://pul/name/71518 830 0$aCommentario del codice civile (UTET) ;$v2.$0(OLS)http://pul/title/152396 850 $aPUL 852 $aPUL$W1$xSL Diritto e Scienze Sociali 3$y79$m346. 45 GABEN 2.2.2$j196534$qDDC 21$B201296$CPULBib$Z2$F201296 $H133186 $82 941 1 $a9 996 $6020$z978-88-598-1856-4*$9(OLS)http://pul/number/166663 996 $6082$a346.45$9(OLS)http://pul/classification/372 996 $6245$aDella famiglia : artt. 231-455$9(OLS)http://pul/title/213552 996 $6260$aTorino :$bUTET Giuridica$9(OLS)http://pul/publisher/79191